7-member KPOP groups - Statistics

General Stats
  • This quiz has been taken 25 times
    7 since last reset
  • The average score is 2 of 27
Answer Stats
Answer % Correct
Korean H//PE Princess
100%
Korean BTS
83%
Korean BABYMONSTER
33%
Japanese XG
17%
Korean ALL(H)OURS
0%
Korean AMPERS&ONE
0%
Korean ARrc
0%
Korean AtHeart
0%
Korean BADVILLAIN
0%
Korean Billlie
0%
Korean Block B
0%
Korean CLOSE YOUR EYES
0%
Korean CSR
0%
Korean Dreamcatcher
0%
Korean EPEX
0%
Japanese HANA
0%
Korean ICHILLIN'
0%
Korean IDID
0%
Korean KickFlip
0%
Korean LUN8
0%
Japanese ME:I
0%
Chinese MODYSSEY
0%
Japanese NEXZ
0%
Korean NouerA
0%
Korean unevermet
0%
Korean VERIVERY
0%
Korean WHIB
0%
No matching quizzes found
Score Distribution
Percent of People with Each Score
Percentile by Number Answered
Your Score History
You have not taken this quiz since the last reset